Marine steam engines and turbines / (Record no. 1658)

000 -LEADER
fixed length control field 00530nam a2200181 4500
008 - FIXED-LENGTH DATA ELEMENTS--GENERAL INFORMATION
fixed length control field 200128b ||||| |||| 00| 0 eng d
082 00 - DEWEY DECIMAL CLASSIFICATION NUMBER
Classification number 623.8722
Item number F7911
100 ## - MAIN ENTRY--PERSONAL NAME
9 (RLIN) 804
Personal name Fox, W. J.
245 10 - TITLE STATEMENT
Title Marine steam engines and turbines /
250 ## - EDITION STATEMENT
Edition statement 3rd ed.
260 ## - PUBLICATION, DISTRIBUTION, ETC. (IMPRINT)
Place of publication, distribution, etc London
Name of publisher, distributor, etc Newnes-Butterworths
Date of publication, distribution, etc 1970
300 ## - PHYSICAL DESCRIPTION
Extent ix, 630 p.
490 0# - SERIES STATEMENT
Series statement Marine Engineering Series
650 #0 - SUBJECT ADDED ENTRY--TOPICAL TERM
Topical term or geographic name as entry element Marine Engines
Topical term or geographic name as entry element Marine steam-turbines
700 ## - ADDED ENTRY--PERSONAL NAME
9 (RLIN) 805
Personal name McBirnie, S. C.
942 ## - ADDED ENTRY ELEMENTS (KOHA)
Source of classification or shelving scheme
Item type Books
Holdings
Withdrawn status Lost status Source of classification or shelving scheme Damaged status Not for loan Permanent location Current location Date acquired Full call number Barcode Date last seen Koha item type
          IMU Kolkata IMU Kolkata 2020-01-28 623.8722 F7911 04556 2020-01-28 Books
          IMU Kolkata IMU Kolkata 2020-01-28 623.8722 F7911 04557 2020-01-28 Books
Designed and Maintained by IMU-KC Library, Kolkata Campus © Copyright All Rights Reserved

webs counters

Powered by Koha